000 00544nam a2200229Ia 4500
003 OSt
005 20220924143853.0
006 a|||||r|||| 00| 0
007 ta
008 ori
024 _a310611
037 _cTextual
040 _aARTS
_cARTS
_bori
041 _2ori
_aori
082 _aO1591,3x, K9
100 _aPanigrahi Kalindicharan
_9210402
245 0 _aSagarika
260 _c1969
650 _aORIYA LITERATURE
_927692
942 _hO1591,3x, K9
_cTEXL
_2CC
999 _c455713
_d455713